LIBRARY & INFORMATION CENTRE, KCAET, TAVANUR

ONLINE PUBLIC ACCESS CATALOGUE (OPAC)

Fundamantal Food Engineering (Record no. 14271)

MARC details
000 -LEADER
fixed length control field 00298nam a22001217a 4500
020 ## - INTERNATIONAL STANDARD BOOK NUMBER
ISBN 9788184873344
082 ## - DEWEY DECIMAL CLASSIFICATION NUMBER
Classification number 664.02
Item number CHA/FU
100 ## - MAIN ENTRY--AUTHOR NAME
Personal name Chakraborty,Subir.K
245 ## - TITLE STATEMENT
Title Fundamantal Food Engineering
260 ## - PUBLICATION, DISTRIBUTION, ETC. (IMPRINT)
Place of publication New Delhi
Name of publisher Narosa Publishing House
Year of publication 2014
300 ## - PHYSICAL DESCRIPTION
Number of Pages 268
942 ## - ADDED ENTRY ELEMENTS (KOHA)
Koha item type Books
Holdings
Withdrawn status Lost status Damaged status Collection code Home library Current library Shelving location Date acquired Source of acquisition Cost, normal purchase price Full call number Accession Number Koha item type
        KAUAET KAUAET General Stacks 10/06/2016 Cosmo Book House, Calicut 295.00 664.02 CHA/FU 24339 Books
free website counter